000 00527nam a2200217Ia 4500
003 OSt
005 20220924133848.0
006 a|||||r|||| 00| 0
007 ta
008 220923b |||||||| |||| 00| 0 snd d
024 _a269334
037 _cTextual
040 _aARTS
_cARTS
_bsnd
041 _2snd
_asnd
082 _aO1593,1x, K6
100 _aHari Dilgeer
_9207530
245 0 _aMaju kaee mehran
260 _c1966
942 _hO1593,1x, K6
_cTEXL
_2CC
999 _c435504
_d435504